Responses for Show #3609 - Thursday, April 20, 2000

Contestants

[<< previous game]

Joe Bellas, a high school teacher from Troy, Ohio

Darren Millam, a customer service representative from Kansas City, Missouri

Jason Karpf, a realtor from Thousand Oaks, California (whose 4-day cash winnings total $46,499)

[next game >>]

Jeopardy! Round responses

FOREIGN NATIONAL PARKS
(Alex: You have to identify the country.)
TEXTILES
THANKS FOR THE MEMOIRS
NAMED FOR THE STAR
DIRIGIBLES, BLIMPS & ZEPPELINS
"O" YES!
    $100 4
Australia

Darren
    $100 18
velvet

Darren
    $100 9
Esther Williams

Jason
    $100 1
Goodyear

Jason
    $100 11
(Jason: What is aroma?)

odor

JasonJoe
    $200 5
(Jason: What is Brazil?)
(Joe: What is Argentina?)
(D: What is Mexico?)

Italy

JasonDarrenJoe
Triple Stumper
    $200 19
linen

Jason
    $200 10
Muhammad Ali

Joe
    $200 2
North Pole

Jason
    $200 12
opaque

Joe
    $300 6
(Joe: What is Mexico?)

Colombia

JasonJoe
    $300 23
(Jason: What is angora?)
...
(Alex: Less than a minute to go.)

cashmere

JasonDarren
    $300 20
Grace Slick

Jason
    $300 27
Cybill

Jason
    $300 3
helium

Joe
    $300 13
(Jason: What is "Overture"?)

One Night Stand

Jason
Triple Stumper
    $400 7
(Joe: What is China?)

Mongolia

JasonJoe
    $400 24
Madras/calico

Jason
    $400 21
Andy Kaufman

Darren
    $400 26
Don Kirshner

Jason
    $400 15
(Joe: Who are the Bucs?)

Broncos (that blimp has an altitude limit of 5000 feet)

JasonJoe
    $400 14
outage

Jason
    $500 8
Cuba

Triple Stumper
    $500 28
(Jason: What is velour?)
...
[The end-of-round signal sounds.]

chenille

Jason
Triple Stumper
    $500 22
Frank McCourt

Triple Stumper
    $500 25
Connie Chung

Darren
    $1,000 16
Lakehurst

Jason
    $500 17
ombudsman

Darren

Scores at the first commercial break (after clue 15):

Jason Darren Joe
$1,300 -$100 -$500

Scores at the end of the Jeopardy! Round:

Jason Darren Joe
$3,100 $1,700 -$500

Double Jeopardy! Round responses

THE CRAB
THE TWINS
THE ARCHER
THE GOAT
THE BULL
THE "RAM"
(Alex: You thought we had more signs of the Zodiac - we fooled you, cameraperson!)
    $200 16
shooting the apple off his son's head

Joe
    $200 1
Marie Antoinette

Joe
    $200 6
Amazon.com

Jason
    $200 11
rampage

Joe
    $3,300 27
(Jason: What is AIDS?)
...
(Alex: CRAB stands for [*] Research and Biostatistics.)
[The end-of-round signal sounds.]

cancer

Jason
    $400 21
(Joe: What is Milton pitching a perfect game?)

No-hitter

Joe
Triple Stumper
    $400 18
Little John

Jason
    $400 2
Seattle

Joe
    $400 7
Federal Reserve

Joe
    $400 12
Ramada

Jason
    $600 22
molted

Joe
    $600 20
Rod Carew

Joe
    $600 19
Odysseus

Joe
    $600 3
Attorney General

Joe
    $600 8
New York Stock Exchange

Darren
    $600 13
rambling roses

Jason
    $800 23
macaque

Darren
    $800 26
Sandy Koufax

Jason
    $800 17
Ted Nugent

Jason
    $800 4
Liberal Democratic Party

Joe
    $700 9
UPS (United Parcel Service)

Darren
    $800 14
Jean-Pierre Rampal

Triple Stumper
    $1000 24
(Jason: What is a king crab?)
...
(Alex: Less than a minute to go.)

spider crab

JasonDarren
    $1000 25
Washington Senators

Darren
    $1000 5
Rose Mary Woods

Jason
    $1000 10
E*TRADE

Jason
    $1000 15
(Jason: What is a griffin?)
(Darren: What is rampart?)

rampant

JasonDarren
Triple Stumper

Scores at the end of the Double Jeopardy! Round:

Jason Darren Joe
$3,000 $4,800 $3,700

[wagering suggestions for these scores]

Final Jeopardy! Round responses

FAMOUS AMERICANS
JasonWho is Johnny Weismuller
$3,000
JoeWho is Johnny Weismuller
$2,301
DarrenWho was Johnny Weismuller
$2,700
Johnny Weissmuller

Final scores:

Jason Darren Joe
$6,000 $7,500 $6,001
3rd place: Vtech Cordless Phones New champion: $7,500 2nd place: Intel Any Point Home Network Software

Game dynamics:

Coryat scores:

Jason Darren Joe
$5,800 $4,900 $3,700
21 R
(including 1 DD),
8 W
(including 1 DD)
11 R
(including 1 DD),
2 W
14 R,
5 W

Combined Coryat: $14,400

[game clues] [game scores] [suggest correction]

Game tape date: Unknown
The J! Archive is created by fans, for fans. Scraping, republication, monetization, and malicious use prohibited; this site may use cookies and collect identifying information. See terms. The Jeopardy! game show and all elements thereof, including but not limited to copyright and trademark thereto, are the property of Jeopardy Productions, Inc. and are protected under law. This website is not affiliated with, sponsored by, or operated by Jeopardy Productions, Inc. Join the discussion at JBoard.tv.